| 000 | 00666nam a2200193 a 4500 | ||
|---|---|---|---|
| 001 | 000040752 | ||
| 005 | 20201002034344.0 | ||
| 008 | 130905s2010 sp a 000 0 spa d | ||
| 020 | _a9788484894964 | ||
| 040 |
_aDO-SdBNP _bspa _cBNPHU |
||
| 082 |
_axxx _bxxx |
||
| 245 | 0 | 3 |
_aLa revolución mexicana en la literatura y el cine. / _cOlivia C. Díaz Pérez; Florian Gräfe; Friedhelm Schmidt-Welle. |
| 260 |
_aMadrid, : _biberoamericana, _c2010. |
||
| 300 |
_a276 p. : _bil. ; _c22 cm. |
||
| 490 | 1 | _aBibliotheca Ibero-Americana | |
| 540 | _abibliografía p: 270 | ||
| 500 | _aIncluye datos biografícos de los autores | ||
| 830 | 0 |
_aBibliotheca Ibero-Americana _94559 |
|
| 999 |
_c40242 _d40242 |
||